000 03874Cam#a22004455a#4500
003 AR-RoUNA
005 20260408062853.0
008 140529s2014||||ag|||||f a||1 0|spa d
040 _aAR-RoUNA
_bspa
_dAR-RoUNA
041 _aspa
044 _aag
100 _aMateos, Alicia
_93313
245 1 0 _aLa articulación de las Políticas Habitacionales en el marco de las Políticas Urbanísticas.
_bEl Rol del SPV
_c/ Alicia Mateos
260 _aRosario :
_bCURDIUR; Centro Universitario Rosario de Investigaciones Urbanas y Regionales.
_c1999.
300 _a13 p. ;
_btablas
_bplanos
_c29x21 cm.
490 _aCuadernos del CURDIUR
_vv. 63
504 _ap. 14.
505 0 _tINDICE
505 0 _tINTRODUCCION
505 0 _tLAS POLITICAS PUBLICAS DE VIVIENDA APLICADAS EN LA CIUDAD EN LOS ULTIMOS 20 AÑOS
505 0 _aPolíticas de viviendas durante la dictadura militar. p. 3
505 0 _aLos primeros años de la democracia. p. 4.
505 0 _aEl momento actual. p. 4
505 0 _aBreve balance de las políticas públicas en materia de vivienda. p. 5
505 0 _tLA GESTION DEL SPV EN LOS ULTIMOS AÑOS
505 0 _aLa política habitacional del SPV. p. 9
505 0 _aLos programas desarrollados. p. 9.
505 0 _aEl programa "Convivencia". p. 10
505 0 _tSOBRE LA POTENCIAL CAPACIDAD DEL SPV PARA ARTICULAR LAS POLITICAS DE VIVIENDA
505 0 _tFUENTES DOCUMENTALES
520 3 _aEl trabajo citado indaga particularmente sobre las siguientes cuestiones: 1- El impacto real de las políticas implementadas en las dimensiones socio-economica y físico-ambiental. 2- El grado de articulación o de desarticulación de estas políticas sectoriales para operar sobre grupos definidos de demanda o sobre determinadas porciones del espacio urbano. 3- El grado de correspondencia o implicación de las políticas sectoriales desarrolladas con las políticas urbanas definidas desde el gobierno del Municipio de Rosario (en particular con las políticas urbanísticas explicitadas hasta el presente por el Plan Director) y 4- Las posibilidades de articulación de acciones, proporcionadas por ciertas instancias institucionales, en materia habitacional. El presente trabajo se instala precisamente en esta línea y,pretende constituir un aporte concreto en términos de explicación de las hipótesis que se desprenden del trabajo desarrollado en el primer punto de partida, en el contexto de un trabajo interdisciplinario, donde sin duda estás hipótesis podrán ser recreadas y profundizadas. Se aborda en primer lugar, una caracterización general de las políticas de vivienda desarrolladas en Rosario durante los últimos 20 años, haciendo especial énfasis en la interpretación de su impacto urbanístico y su relación con las políticas de desarrollo y transformación de la ciudad de desarrollo y transformación de la ciudad formuladas desde el municipio. En ester marco se intenta colocar, en segundo térmico, la gestión desarrolladas por el SPV en los últimos años: una gestión marcada por un cambio de perfil institucional, por una política de gestión "proactiva" y por lo que se interpreta como un "significativo progreso" en la visión del problema habitacional, factores que habilitan la especulación acerca del rol que este organismo sería capaz de cumplir en el marco de una política habitacional pensada desde una visión integral de cualificación de la ciudad.
610 2 4 _aUniversidad Nacional de Rosario. Facultad de Arquitectura, Planeamiento y Diseño.
_bCURDIUR (Centro Universitario Rosario de Investigaciones Urbanas y Regionales).
_92924
650 4 _aUrbanismo
650 4 _aPolítica habitacional
651 0 _aRosario (Santa Fe, Argentina)
_91246
908 _aImp
942 _cLIB
_2udc
945 _d2023-10-25
980 _8
_gCRON CRON
_65
_aMaría Machado
999 _c12351
_d12351